000 00468nam a2200169 a 4500
001 0000-8974
003 ELIB.Books
008 110520 1999
035 _a(ELIB.Books)0000-9123
082 _a253
_bWof
100 _aWofford, Jerry C.
245 _aTransforming Christian Leadership
260 _bGrand Rapids: Baker Book House Company
_c1999
650 _aPastoral Theology
942 _2ddc
_cBK
998 _cbat
_e2011-05-20
_mcat
_u2019-06-24
999 _c8974
_d8974